Nghệ thuật quyến rũ = The art of seduction
Giới thiệu về nghệ thuật quyến rũ. Giới thiệu mẫu người quyến rũ. Hướng dẫn 24 bước của quá trình quyến rũ giúp ta thuyết phục được người khác
Guardat en:
| Autor principal: | |
|---|---|
| Format: | Llibre |
| Idioma: | Undetermined |
| Publicat: |
Thành phố Hồ Chí Minh
Trẻ
2013
|
| Matèries: | |
| Etiquetes: |
Afegir etiqueta
Sense etiquetes, Sigues el primer a etiquetar aquest registre!
|
| Thư viện lưu trữ: | Trung tâm Học liệu Trường Đại học Cần Thơ |
|---|
| LEADER | 00878nam a2200217Ia 4500 | ||
|---|---|---|---|
| 001 | CTU_188611 | ||
| 008 | 210402s9999 xx 000 0 und d | ||
| 020 | |c 130000 | ||
| 082 | |a 306.7 | ||
| 082 | |b G799 | ||
| 100 | |a Greene, Robert | ||
| 245 | 0 | |a Nghệ thuật quyến rũ = | |
| 245 | 4 | |b The art of seduction | |
| 245 | 0 | |c Robert Greene ; Nguyễn Thị Kim Anh dịch | |
| 260 | |a Thành phố Hồ Chí Minh | ||
| 260 | |b Trẻ | ||
| 260 | |c 2013 | ||
| 520 | |a Giới thiệu về nghệ thuật quyến rũ. Giới thiệu mẫu người quyến rũ. Hướng dẫn 24 bước của quá trình quyến rũ giúp ta thuyết phục được người khác | ||
| 650 | |a Sex instruction,Hướng dẫn giới tính | ||
| 910 | |a Hải | ||
| 980 | |a Trung tâm Học liệu Trường Đại học Cần Thơ | ||